Statistics for Solve the Secret Country Shape

Click here to take the quiz!

General Stats

  • This quiz has been taken 1,467 times
  • The average score is 14 of 17

Answer Stats

Shape Jordan Piece Country % Correct
Australia
100%
Italy
99%
Mexico
97%
Norway
96%
Spain
93%
New Zealand
89%
Canada
89%
Iceland
88%
Thailand
85%
Chad
73%
Iran
68%
Somalia
68%
Sri Lanka
67%
Senegal
65%
Laos
63%
Denmark
60%
JORDAN
54%

Score Distribution

Percentile by Number Answered

Percent of People with Each Score

Your Score History

You have not taken this quiz